[Event "Cincuentenario C.A. Villa Martelli ITT"]
[Site "Villa Martelli ARG"]
[Date "2005.08.19"]
[Round "3"]
[White "Granara Barreto, Sebastian A"]
[Black "Rey, Fernando"]
[Result "1/2-1/2"]
[WhiteElo "2223"]
[BlackElo "2238"]
[PlyCount "125"]
[EventDate "2005.08.30"]
[EventType "tourn"]
[EventRounds "9"]
[EventCountry "ARG"]
[Source "lmi"]
[SourceDate "2005.08.28"]

1. e4 c5 2. Nf3 d6 3. d4 cxd4 4. Nxd4 Nf6 5. Nc3 a6 6. f3 e5 7. Nb3 Be6 8. Be3
Be7 9. Qd2 O-O 10. O-O-O Qc7 11. g4 Rc8 12. Kb1 Nbd7 13. Qf2 b5 14. g5 Nh5 15.
h4 g6 16. Nd5 Bxd5 17. exd5 Bf8 18. Bh3 a5 19. Bxd7 Qxd7 20. Nd2 Bg7 21. Ne4
Rc4 22. Qe1 a4 23. Rh2 Rcc8 24. b3 axb3 25. cxb3 Qf5 26. Rf2 Ra6 27. Qb4 Qd7
28. Rc1 Rxc1+ 29. Bxc1 Nf4 30. Bxf4 exf4 31. Rc2 Be5 32. h5 Ra8 33. Nf6+ Bxf6
34. gxf6 Qf5 35. hxg6 hxg6 36. Qxb5 Qxf6 37. Re2 Qf5+ 38. Re4 Kg7 39. Qc6 Rd8
40. Qc3+ Kh7 41. Kb2 g5 42. Re2 Kg6 43. Qd4 Qf6 44. Kc3 Rc8+ 45. Kd3 Qf5+ 46.
Qe4 Qxe4+ 47. Rxe4 Kf5 48. Re7 f6 49. Re6 Rh8 50. Rxd6 Rh3 51. Ke2 Rh2+ 52. Kf1
g4 53. fxg4+ Kxg4 54. Rxf6 Kf3 55. Kg1 Rxa2 56. d6 Rd2 57. b4 Rd4 58. b5 Rd5
59. b6 Rg5+ 60. Kf1 Rb5 61. Re6 Rb1+ 62. Re1 Rxb6 63. Rd1 1/2-1/2

[Event "Cincuentenario C.A. Villa Martelli ITT"]
[Site "Villa Martelli ARG"]
[Date "2005.08.19"]
[Round "3"]
[White "Paglilla, Carlos"]
[Black "Flores, Diego"]
[Result "1/2-1/2"]
[WhiteElo "2386"]
[BlackElo "2513"]
[PlyCount "121"]
[EventDate "2005.08.30"]
[EventType "tourn"]
[EventRounds "9"]
[EventCountry "ARG"]
[Source "lmi"]
[SourceDate "2005.08.28"]

1. Nf3 g6 2. e4 Bg7 3. d4 d6 4. Nc3 Nd7 5. Be3 e6 6. Qd2 h6 7. d5 e5 8. h3 f5
9. exf5 gxf5 10. g3 a6 11. Be2 Qf6 12. Nh4 Ne7 13. Bh5+ Kd8 14. f4 b5 15. O-O
exf4 16. Rxf4 Qg5 17. Rg4 fxg4 18. Bxg5 hxg5 19. Qxg5 Bd4+ 20. Kh1 Bf6 21. Qxg4
b4 22. Nd1 Ne5 23. Qe2 Bxh4 24. gxh4 Nf5 25. Kh2 c5 26. dxc6 Ra7 27. Ne3 Nxe3
28. Qxe3 Rah7 29. Rd1 Rxh5 30. Qb6+ Ke8 31. Qb8 Kf7 32. Qc7+ Kf6 33. Qxd6+ Be6
34. Rf1+ Rf5 35. Rxf5+ Kxf5 36. c7 Rg8 37. Qd1 Bc8 38. Qh5+ Ke6 39. Qh6+ Kd5
40. Qd2+ Kc6 41. Qf4 Kd5 42. Qd2+ Ke4 43. Qxb4+ Kf5 44. Qb3 Be6 45. Qe3 Rc8 46.
Qf2+ Ke4 47. Qe2+ Kd5 48. Qd2+ Ke4 49. Qd8 Nf7 50. Qe7 Kd5 51. c4+ Ke5 52. h5
Kf5 53. Qc5+ Kf6 54. b4 Ne5 55. b5 axb5 56. cxb5 Rg8 57. Qd4 Kf5 58. Qf2+ Ke4
59. Qe2+ Kf5 60. Qd2 Ke4 61. Qe2+ 1/2-1/2

[Event "Cincuentenario C.A. Villa Martelli ITT"]
[Site "Villa Martelli ARG"]
[Date "2005.08.20"]
[Round "4"]
[White "Cubas, Jose Fernando"]
[Black "Flores, Diego"]
[Result "1/2-1/2"]
[WhiteElo "2451"]
[BlackElo "2513"]
[PlyCount "101"]
[EventDate "2005.08.30"]
[EventType "tourn"]
[EventRounds "9"]
[EventCountry "ARG"]
[Source "lmi"]
[SourceDate "2005.08.28"]

1. e4 c5 2. Nf3 e6 3. d4 cxd4 4. Nxd4 a6 5. Nc3 Qc7 6. Bd3 b5 7. O-O Bb7 8. Qe2
Nf6 9. e5 Nd5 10. Nxd5 Bxd5 11. a4 b4 12. c4 bxc3 13. bxc3 Nc6 14. Bxa6 Qxe5
15. Nxc6 Qxe2 16. Bxe2 Bxc6 17. a5 Bc5 18. a6 Ke7 19. Ra5 d6 20. Rxc5 dxc5 21.
Ba3 Rhc8 22. Bxc5+ Ke8 23. Bd4 f6 24. a7 Rc7 25. Ba6 Bb7 26. Bb5+ Ke7 27. c4
Bc8 28. Bb6 Raxa7 29. Bxc7 Rxc7 30. Rd1 e5 31. Kf1 Be6 32. Ke1 Rc8 33. Rc1 Kd6
34. Rd1+ Ke7 35. Rc1 Ra8 36. Kd2 Kd6 37. c5+ Kc7 38. Kc3 Ra3+ 39. Kd2 g5 40.
Rc3 Ra5 41. Bd3 h5 42. f3 Ra2+ 43. Rc2 Rxc2+ 44. Bxc2 Kc6 45. g3 f5 46. Ba4+
Kxc5 47. Be8 h4 48. gxh4 gxh4 49. Ke3 f4+ 50. Kf2 Kd4 51. Bc6 1/2-1/2

[Event "Cincuentenario C.A. Villa Martelli ITT"]
[Site "Villa Martelli ARG"]
[Date "2005.08.20"]
[Round "4"]
[White "Fusco, Leonardo"]
[Black "Della Morte, Pablo"]
[Result "1-0"]
[WhiteElo "2278"]
[BlackElo "2271"]
[PlyCount "83"]
[EventDate "2005.08.30"]
[EventType "tourn"]
[EventRounds "9"]
[EventCountry "ARG"]
[Source "lmi"]
[SourceDate "2005.08.28"]

1. e4 c5 2. Nf3 d6 3. d4 cxd4 4. Nxd4 Nf6 5. Nc3 Nc6 6. Bg5 e6 7. Qd2 a6 8.
O-O-O Bd7 9. f4 b5 10. e5 dxe5 11. fxe5 Nxe5 12. Qe3 Nfg4 13. Qf4 f6 14. Nxe6
fxg5 15. Qe4 Qc8 16. Rxd7 Kxd7 17. Be2 Nf2 18. Qxe5 Bd6 19. Qxg7+ Kxe6 20. Bc4+
Qxc4 21. Re1+ Kf5 22. Qd7+ Kf6 23. Qxd6+ Kf7 24. Qe7+ Kg6 25. Re6+ Qxe6 26.
Qxe6+ Kg7 27. Qd7+ Kg6 28. Qc6+ Kg7 29. Qb7+ Kg6 30. Qb6+ Kg7 31. Qxf2 Rhf8 32.
Qd4+ Kg6 33. Qe4+ Kg7 34. Qe7+ Kg6 35. Ne4 h6 36. Ng3 Rae8 37. Qd6+ Rf6 38.
Qd3+ Kf7 39. b4 Ree6 40. Nf5 Re5 41. g4 h5 42. Qd7+ 1-0

[Event "Cincuentenario C.A. Villa Martelli ITT"]
[Site "Villa Martelli ARG"]
[Date "2005.08.20"]
[Round "4"]
[White "Lopez Gonzalez, Daniel"]
[Black "Granara Barreto, Sebastian A"]
[Result "1/2-1/2"]
[WhiteElo "2225"]
[BlackElo "2223"]
[PlyCount "77"]
[EventDate "2005.08.30"]
[EventType "tourn"]
[EventRounds "9"]
[EventCountry "ARG"]
[Source "lmi"]
[SourceDate "2005.08.28"]

1. Nf3 Nf6 2. c4 e6 3. Nc3 d5 4. d4 c6 5. e3 Nbd7 6. Bd3 dxc4 7. Bxc4 b5 8. Bd3
Bb7 9. O-O Be7 10. Qc2 b4 11. Ne4 Nxe4 12. Bxe4 Rc8 13. Bd2 Nf6 14. Bd3 c5 15.
Qa4+ Kf8 16. Ba6 Bc6 17. Qd1 Rb8 18. Rc1 Ne4 19. Be1 Qb6 20. Bd3 Bd5 21. Qc2 b3
22. axb3 Bxb3 23. Qb1 Nf6 24. Qa1 Bd5 25. Ba5 Qb7 26. dxc5 Bxf3 27. gxf3 Qxf3
28. Qa4 Rc8 29. Qd4 h5 30. b4 h4 31. Qf4 Qh5 32. h3 g5 33. Qc4 Qf3 34. Rfd1
Qxh3 35. Bf1 Qf5 36. Bd3 Qh3 37. Bf1 Qf5 38. Bd3 Qh3 39. Bf1 1/2-1/2

[Event "Cincuentenario C.A. Villa Martelli ITT"]
[Site "Villa Martelli ARG"]
[Date "2005.08.20"]
[Round "4"]
[White "Rey, Fernando"]
[Black "De Dovitiis, Alejo"]
[Result "1/2-1/2"]
[WhiteElo "2238"]
[BlackElo "2345"]
[PlyCount "79"]
[EventDate "2005.08.30"]
[EventType "tourn"]
[EventRounds "9"]
[EventCountry "ARG"]
[Source "lmi"]
[SourceDate "2005.08.28"]

1. e4 e5 2. Nf3 Nc6 3. Bb5 a6 4. Ba4 Nf6 5. O-O Be7 6. Re1 b5 7. Bb3 d6 8. c3
O-O 9. h3 Na5 10. Bc2 c5 11. d4 Nd7 12. Nbd2 exd4 13. cxd4 Nc6 14. Nf1 Re8 15.
Ng3 Bf6 16. Be3 g6 17. Rc1 Bb7 18. Bb1 Rc8 19. b3 Qe7 20. d5 Nce5 21. Nh2 Bh4
22. Ngf1 c4 23. g3 Bf6 24. f4 Nd3 25. Bxd3 cxd3 26. Rxc8 Rxc8 27. Qxd3 Nc5 28.
Bxc5 Rxc5 29. Re2 Rc3 30. Qd2 Qc7 31. Ne3 Qc5 32. Nhf1 Bd4 33. Kg2 f5 34. b4
Qxb4 35. Nc2 Qc4 36. Nxd4 Rd3 37. Qa5 Rxd4 38. Qd8+ Kg7 39. Qe7+ Kg8 40. Qe8+
1/2-1/2

[Event "Cincuentenario C.A. Villa Martelli ITT"]
[Site "Villa Martelli ARG"]
[Date "2005.08.20"]
[Round "4"]
[White "Shcherbine, Andrei"]
[Black "Paglilla, Carlos"]
[Result "1/2-1/2"]
[WhiteElo "2250"]
[BlackElo "2386"]
[PlyCount "38"]
[EventDate "2005.08.30"]
[EventType "tourn"]
[EventRounds "9"]
[EventCountry "ARG"]
[Source "lmi"]
[SourceDate "2005.08.28"]

1. Nf3 Nf6 2. c4 g6 3. b4 Bg7 4. Bb2 O-O 5. e3 d6 6. Be2 e5 7. d3 Ne8 8. Qb3 a5
9. bxa5 Rxa5 10. Nc3 Nc6 11. O-O Nf6 12. Nd2 Ra6 13. a3 Be6 14. Qc2 Ne7 15.
Nde4 Nxe4 16. dxe4 Rc6 17. Qb3 Rb6 18. Qc2 Rc6 19. Qb3 Rb6 1/2-1/2

[Event "Cincuentenario C.A. Villa Martelli ITT"]
[Site "Villa Martelli ARG"]
[Date "2005.08.22"]
[Round "5"]
[White "De Dovitiis, Alejo"]
[Black "Lopez Gonzalez, Daniel"]
[Result "1-0"]
[WhiteElo "2345"]
[BlackElo "2225"]
[PlyCount "107"]
[EventDate "2005.08.30"]
[EventType "tourn"]
[EventRounds "9"]
[EventCountry "ARG"]
[Source "lmi"]
[SourceDate "2005.08.28"]

1. e4 c5 2. Nf3 e6 3. d4 cxd4 4. Nxd4 a6 5. Bd3 Qc7 6. O-O Nf6 7. c4 d6 8. Nc3
Be7 9. b3 O-O 10. Bb2 Nbd7 11. Rc1 b6 12. Qe2 Bb7 13. f4 Rfe8 14. Nf3 g6 15.
Kh1 Bf8 16. e5 Nh5 17. Ng5 Qd8 18. Be4 Bxe4 19. Ncxe4 d5 20. g4 dxe4 21. gxh5
Nc5 22. Rcd1 Qc7 23. Bd4 a5 24. Bxc5 bxc5 25. Qxe4 a4 26. Rg1 Bg7 27. Rd3 axb3
28. axb3 Ra7 29. Rgd1 Rb8 30. Qg2 Qb7 31. Ne4 Qa8 32. hxg6 hxg6 33. Nxc5 Qxg2+
34. Kxg2 Ra2+ 35. Kg3 Bf8 36. Nd7 Rb4 37. Rc1 Rb2 38. Rcc3 Be7 39. h4 Rb1 40.
Kg4 Rh1 41. Rh3 Rf1 42. h5 gxh5+ 43. Rxh5 Rg1+ 44. Kf3 Kg7 45. Kf2 Kg6 46. Kxg1
Kxh5 47. Kf2 Kg4 48. Ke3 Kf5 49. c5 Re4+ 50. Kd3 Rxf4 51. c6 Bb4 52. Rc4 Ba5
53. Rxf4+ Kxf4 54. b4 1-0

[Event "Cincuentenario C.A. Villa Martelli ITT"]
[Site "Villa Martelli ARG"]
[Date "2005.08.22"]
[Round "5"]
[White "Della Morte, Pablo"]
[Black "Cubas, Jose Fernando"]
[Result "1-0"]
[WhiteElo "2271"]
[BlackElo "2451"]
[PlyCount "61"]
[EventDate "2005.08.30"]
[EventType "tourn"]
[EventRounds "9"]
[EventCountry "ARG"]
[Source "lmi"]
[SourceDate "2005.08.28"]

1. e4 e6 2. d4 d5 3. e5 c5 4. c3 Qb6 5. Nf3 Bd7 6. a3 Nc6 7. b4 cxd4 8. cxd4
Rc8 9. Bb2 Nh6 10. Nc3 Na5 11. Na4 Qc6 12. Rc1 Nc4 13. Bxc4 dxc4 14. Nc3 Be7
15. O-O O-O 16. d5 exd5 17. Nd4 Qg6 18. Nxd5 Rfe8 19. Rc3 Qe4 20. Nxe7+ Rxe7
21. Re1 Qh4 22. Rg3 Bg4 23. f3 Be6 24. Re4 Qh5 25. Bc1 f5 26. exf6 Rd7 27. Bxh6
Qxh6 28. Rxe6 c3 29. f7+ Kxf7 30. Rxh6 c2 31. Qxc2 1-0

[Event "Cincuentenario C.A. Villa Martelli ITT"]
[Site "Villa Martelli ARG"]
[Date "2005.08.22"]
[Round "5"]
[White "Flores, Diego"]
[Black "Shcherbine, Andrei"]
[Result "1-0"]
[WhiteElo "2513"]
[BlackElo "2250"]
[PlyCount "65"]
[EventDate "2005.08.30"]
[EventType "tourn"]
[EventRounds "9"]
[EventCountry "ARG"]
[Source "lmi"]
[SourceDate "2005.08.28"]

1. c4 Nf6 2. Nc3 e5 3. Nf3 d6 4. g3 g6 5. Bg2 Bg7 6. O-O O-O 7. d3 c6 8. Rb1
Re8 9. b4 d5 10. Bg5 h6 11. Bxf6 Bxf6 12. cxd5 cxd5 13. Nd2 e4 14. Qb3 Be6 15.
dxe4 dxe4 16. Qc2 Bxc3 17. Qxc3 f5 18. f3 Nc6 19. Nb3 Qb6+ 20. Kh1 Bd5 21. fxe4
Bxe4 22. Bxe4 Rxe4 23. Nc5 Re7 24. e4 Ne5 25. exf5 Qc6+ 26. Kg1 Rf8 27. Qb3+
Kh8 28. f6 Ref7 29. Qe3 Ng4 30. Qd4 Nxf6 31. Rbe1 Qd5 32. Qb2 Kh7 33. Ne6 1-0

[Event "Cincuentenario C.A. Villa Martelli ITT"]
[Site "Villa Martelli ARG"]
[Date "2005.08.22"]
[Round "5"]
[White "Granara Barreto, Sebastian A"]
[Black "Fusco, Leonardo"]
[Result "0-1"]
[WhiteElo "2223"]
[BlackElo "2278"]
[PlyCount "192"]
[EventDate "2005.08.30"]
[EventType "tourn"]
[EventRounds "9"]
[EventCountry "ARG"]
[Source "lmi"]
[SourceDate "2005.08.28"]

1. Nf3 Nf6 2. c4 g6 3. d4 Bg7 4. g3 O-O 5. Bg2 d6 6. O-O Nc6 7. Nc3 a6 8. b3
Rb8 9. e3 b5 10. Qe2 bxc4 11. Qxc4 Rb4 12. Qe2 a5 13. Nd2 d5 14. Ba3 Rb6 15.
Rfc1 Nb4 16. Na4 Ba6 17. Qf3 Rd6 18. Nc5 Bc8 19. h3 Nd7 20. Nxd7 Bxd7 21. Rc5
c6 22. Qe2 e5 23. Nf3 f6 24. Bxb4 axb4 25. Qd2 Qb6 26. Rac1 e4 27. Ne1 Re6 28.
Bf1 Ra8 29. Kh2 Bf8 30. R5c2 Ree8 31. h4 Bh6 32. Bh3 f5 33. Ng2 Ra3 34. Ne1
Rea8 35. Rb2 Bf8 36. Rcc2 Bd6 37. Ng2 Kg7 38. Qe2 Bc8 39. Ne1 Ba6 40. Qd2 Bc8
41. Qe2 Bd7 42. Qd2 h6 43. Qd1 Qd8 44. Bf1 Qxh4+ 45. Kg1 Qf6 46. Ng2 g5 47. Be2
Kh7 48. Qc1 Be7 49. Qd2 Rf8 50. Rb1 Rfa8 51. Rbc1 Qg6 52. Kh2 Rg8 53. Rh1 Bd6
54. Kg1 Raa8 55. Kf1 Raf8 56. Qd1 f4 57. Bg4 Be8 58. Bh5 Qf6 59. Bxe8 Rxe8 60.
exf4 gxf4 61. Nxf4 Bxf4 62. gxf4 e3 63. Qd3+ Re4 64. fxe3 Rg3 65. Re2 Qf5 66.
Ke1 Qxf4 67. exf4 Rxd3 68. Rxe4 dxe4 69. Ke2 Rc3 70. Kd2 Kg6 71. f5+ Kg5 72.
Rf1 Rf3 73. Rc1 Kf4 74. f6 Rf2+ 75. Ke1 Ke3 76. Rxc6 Rxa2 77. Kf1 Kf3 78. Kg1
Kg3 79. Kf1 e3 80. f7 Rf2+ 81. Ke1 Rxf7 82. Rxh6 Kf3 83. d5 Ra7 84. Rh3+ Ke4
85. d6 Kd3 86. Kf1 Kd2 87. Rh2+ Kd1 88. Rb2 Rd7 89. Rb1+ Kc2 90. Re1 Kd2 91.
Re2+ Kd3 92. Re1 Rf7+ 93. Kg1 e2 94. Ra1 Rd7 95. Kf2 Rxd6 96. Rh1 Kd2 0-1

[Event "Cincuentenario C.A. Villa Martelli ITT"]
[Site "Villa Martelli ARG"]
[Date "2005.08.23"]
[Round "6"]
[White "Cubas, Jose Fernando"]
[Black "Shcherbine, Andrei"]
[Result "0-1"]
[WhiteElo "2451"]
[BlackElo "2250"]
[PlyCount "63"]
[EventDate "2005.08.30"]
[EventType "tourn"]
[EventRounds "9"]
[EventCountry "ARG"]
[Source "lmi"]
[SourceDate "2005.08.28"]

1. Nh3 g6 2. d4 Bg7 3. g3 d6 4. Bg2 c6 5. O-O Nf6 6. Nc3 O-O 7. Nf4 Nbd7 8. e4
e5 9. dxe5 Nxe5 10. Nd3 Qe7 11. f4 Nc4 12. Qe1 Ng4 13. Kh1 f5 14. h3 Nf6 15. e5
dxe5 16. b3 Nb6 17. fxe5 Nh5 18. a4 Re8 19. a5 Nd7 20. g4 Nxe5 21. Ba3 Nxd3 22.
cxd3 Qd8 23. Ne4 fxg4 24. Rd1 Be5 25. hxg4 Bxg4 26. Bf3 Bxf3+ 27. Rxf3 Qd5 28.
Qf1 Rad8 29. Re1 Qxa5 30. Bd6 Rxd6 31. b4 Qd5 32. Rc1 0-1

[Event "Cincuentenario C.A. Villa Martelli ITT"]
[Site "Villa Martelli ARG"]
[Date "2005.08.23"]
[Round "6"]
[White "Della Morte, Pablo"]
[Black "Granara Barreto, Sebastian A"]
[Result "1-0"]
[WhiteElo "2271"]
[BlackElo "2223"]
[PlyCount "89"]
[EventDate "2005.08.30"]
[EventType "tourn"]
[EventRounds "9"]
[EventCountry "ARG"]
[Source "lmi"]
[SourceDate "2005.08.28"]

1. e4 e5 2. Nf3 Nc6 3. Bb5 Nf6 4. O-O Nxe4 5. d4 Nd6 6. Bxc6 dxc6 7. dxe5 Nf5
8. Qxd8+ Kxd8 9. Nc3 Ke8 10. h3 Ne7 11. b3 Ng6 12. Ne2 a5 13. a4 Bc5 14. Bb2
Be6 15. Nfd4 Rd8 16. f4 Nh4 17. Kh2 Nf5 18. Nxf5 Bxf5 19. Ng3 Bc8 20. Nh5 Rd2
21. e6 fxe6 22. Bxg7 Rg8 23. Rad1 Rxd1 24. Rxd1 Bd6 25. Bc3 Rf8 26. Bxa5 b6 27.
Bxb6 Bxf4+ 28. Nxf4 cxb6 29. g3 Ke7 30. Re1 Rf5 31. Kg2 Rc5 32. Re2 Rc3 33. Kf2
Kf6 34. Rd2 e5 35. Ne2 Rc5 36. g4 e4 37. Ng3 e3+ 38. Kxe3 Ke5 39. c4 Ra5 40.
Rd8 Be6 41. Rb8 Ra6 42. Ne4 h5 43. gxh5 Bxh3 44. h6 Ra7 45. Rxb6 1-0

[Event "Cincuentenario C.A. Villa Martelli ITT"]
[Site "Villa Martelli ARG"]
[Date "2005.08.23"]
[Round "6"]
[White "Fusco, Leonardo"]
[Black "De Dovitiis, Alejo"]
[Result "0-1"]
[WhiteElo "2278"]
[BlackElo "2345"]
[PlyCount "39"]
[EventDate "2005.08.30"]
[EventType "tourn"]
[EventRounds "9"]
[EventCountry "ARG"]
[Source "lmi"]
[SourceDate "2005.08.28"]

1. e4 e6 2. d4 d5 3. Nc3 Bb4 4. e5 c5 5. a3 Bxc3+ 6. bxc3 Qc7 7. Qg4 f6 8. Bb5+
Kf7 9. exf6 Nxf6 10. Qg3 Qxg3 11. hxg3 c4 12. Nf3 a6 13. Ne5+ Kg8 14. Bxc4 dxc4
15. Nxc4 Nd5 16. Bd2 b5 17. Ne5 Nd7 18. Nd3 N5b6 19. f3 Bb7 20. Kf2 0-1

[Event "Cincuentenario C.A. Villa Martelli ITT"]
[Site "Villa Martelli ARG"]
[Date "2005.08.23"]
[Round "6"]
[White "Lopez Gonzalez, Daniel"]
[Black "Paglilla, Carlos"]
[Result "1/2-1/2"]
[WhiteElo "2225"]
[BlackElo "2386"]
[PlyCount "190"]
[EventDate "2005.08.30"]
[EventType "tourn"]
[EventRounds "9"]
[EventCountry "ARG"]
[Source "lmi"]
[SourceDate "2005.08.28"]

1. e4 c5 2. Nf3 Nc6 3. d4 cxd4 4. Nxd4 Qc7 5. Nc3 e6 6. Be2 a6 7. O-O Nf6 8.
Be3 Bb4 9. Na4 O-O 10. Nxc6 bxc6 11. Nb6 Rb8 12. Nxc8 Rfxc8 13. Bxa6 Rd8 14.
Bd3 Bd6 15. Kh1 Rxb2 16. Bd4 Rbb8 17. Bxf6 gxf6 18. Qg4+ Kf8 19. f4 e5 20. Qh5
Ke7 21. Bc4 Rf8 22. Rae1 exf4 23. e5 Bxe5 24. Rxf4 d5 25. Bb3 Qd6 26. Ra4 Ra8
27. Rxa8 Rxa8 28. c4 Rd8 29. cxd5 cxd5 30. Rd1 Qb4 31. Qxh7 Qf4 32. Qh3 f5 33.
Qg3 Qxg3 34. hxg3 Ke6 35. Rd3 Bc7 36. Re3+ Kf6 37. Rc3 Be5 38. Rd3 d4 39. Kg1
Rd7 40. Kf2 Kg5 41. Bd1 Rc7 42. Bb3 f6 43. Kf3 Rc1 44. Kf2 Rb1 45. Rd2 Bc7 46.
Rd3 Rb2+ 47. Kf3 Ba5 48. Rd1 Bb4 49. Bc4 Rc2 50. Bb3 Rc3+ 51. Kf2 Bd6 52. Kf1
Be5 53. Bd5 Re3 54. Bf3 Bxg3 55. Be2 Re4 56. Bf3 Re7 57. Be2 Be5 58. Bd3 Ra7
59. Bc4 Rc7 60. Bb3 Rc3 61. Ke2 Re3+ 62. Kf1 Bg3 63. Bc4 Rc3 64. Bb5 Rc2 65.
Rxd4 Rf2+ 66. Kg1 Rb2 67. Rd5 Rxa2 68. Bd3 Rf2 69. Bb1 Rf4 70. Rd3 Bf2+ 71. Kh2
Rh4+ 72. Rh3 Rb4 73. Rf3 Rxb1 74. Rxf2 f4 75. Rf3 Kg4 76. Ra3 Rb2 77. Rc3 Re2
78. Rc4 f5 79. Ra4 Re4 80. Ra3 Re3 81. Ra4 Kg5 82. Kg1 f3 83. gxf3 Rxf3 84. Rb4
Rf4 85. Rb3 Kg4 86. Kg2 Ra4 87. Rd3 Ra2+ 88. Kg1 f4 89. Rb3 Re2 90. Kf1 Re3 91.
Rxe3 fxe3 92. Ke2 Kf4 93. Ke1 Kf3 94. Kf1 e2+ 95. Ke1 Ke3 1/2-1/2

[Event "Cincuentenario C.A. Villa Martelli ITT"]
[Site "Villa Martelli ARG"]
[Date "2005.08.23"]
[Round "6"]
[White "Rey, Fernando"]
[Black "Flores, Diego"]
[Result "0-1"]
[WhiteElo "2238"]
[BlackElo "2513"]
[PlyCount "115"]
[EventDate "2005.08.30"]
[EventType "tourn"]
[EventRounds "9"]
[EventCountry "ARG"]
[Source "lmi"]
[SourceDate "2005.08.28"]

1. f4 c5 2. Nf3 Nc6 3. g3 g6 4. Bg2 Bg7 5. O-O Nf6 6. d3 O-O 7. e4 d6 8. Nc3
Bg4 9. h3 Bxf3 10. Bxf3 Nd7 11. Ne2 b5 12. Kg2 Nd4 13. Bg4 a5 14. c3 Nxe2 15.
Qxe2 b4 16. c4 Nb8 17. f5 Nc6 18. fxg6 hxg6 19. Be3 Ne5 20. Rf2 e6 21. h4 f5
22. Bh3 Ra7 23. h5 Qa8 24. hxg6 Rf6 25. Kh2 fxe4 26. Rxf6 Bxf6 27. Bxe6+ Kg7
28. Qh5 Qh8 29. Qxh8+ Kxh8 30. dxe4 Re7 31. Bf5 Nxc4 32. Bf4 Bxb2 33. Rh1 Bf6
34. Kg2+ Kg8 35. Rd1 a4 36. Rc1 Ne5 37. Rd1 Nc4 38. Rc1 Bc3 39. Bg5 Re5 40. Bf4
Re8 41. Bd7 Rxe4 42. Bxa4 Kg7 43. Bb3 d5 44. Kf3 Rd4 45. Bc2 Nd2+ 46. Kg2 Nc4
47. Rh1 Rxf4 48. gxf4 Ne3+ 49. Kf3 Nxc2 50. f5 Kg8 51. Kf4 Bf6 52. Rc1 b3 53.
axb3 Nb4 54. Kf3 Nd3 55. Rd1 c4 56. bxc4 Ne5+ 57. Kg3 dxc4 58. Rc1 0-1

[Event "Cincuentenario C.A. Villa Martelli ITT"]
[Site "Villa Martelli ARG"]
[Date "2005.08.24"]
[Round "7"]
[White "De Dovitiis, Alejo"]
[Black "Della Morte, Pablo"]
[Result "1-0"]
[WhiteElo "2345"]
[BlackElo "2271"]
[PlyCount "121"]
[EventDate "2005.08.30"]
[EventType "tourn"]
[EventRounds "9"]
[EventCountry "ARG"]
[Source "lmi"]
[SourceDate "2005.08.28"]

1. d4 Nf6 2. Nf3 g6 3. c4 Bg7 4. Nc3 O-O 5. Bf4 d6 6. h3 Nc6 7. e3 Nd7 8. d5
Nce5 9. Nd2 e6 10. Be2 f5 11. Qc2 Nf6 12. O-O-O Qe7 13. Kb1 a6 14. Nb3 exd5 15.
cxd5 c5 16. dxc6 bxc6 17. Na5 Bd7 18. Rxd6 Qxd6 19. Nc4 Qe7 20. Bxe5 Ne4 21.
Nxe4 Bxe5 22. Nxe5 Qxe5 23. Nc5 Be8 24. Bc4+ Kh8 25. Bxa6 Bf7 26. Bc4 Rad8 27.
Bxf7 Rxf7 28. g3 Ra7 29. Rc1 Qd5 30. Qc4 Qxc4 31. Rxc4 Rd2 32. Rf4 Rd1+ 33. Kc2
Rd5 34. Na4 g5 35. Rc4 Rad7 36. Rxc6 Rd2+ 37. Kc3 Rxf2 38. Nb6 Rd1 39. Nc4 Rc1+
40. Kb4 Rxb2+ 41. Nxb2 Rxc6 42. Nc4 Kg7 43. a4 Kf6 44. Kb5 Rc7 45. a5 Ke6 46.
Nb6 Ke5 47. a6 Ke4 48. Nc4 Kd5 49. Na5 Ke4 50. Kb6 Re7 51. Nc6 Re8 52. a7 Ra8
53. Ne7 Re8 54. Nc6 Ra8 55. Ne7 g4 56. h4 Re8 57. Nc6 Ra8 58. Nd4 f4 59. exf4
Ke3 60. Kb7 Rxa7+ 61. Kxa7 1-0

[Event "Cincuentenario C.A. Villa Martelli ITT"]
[Site "Villa Martelli ARG"]
[Date "2005.08.24"]
[Round "7"]
[White "Flores, Diego"]
[Black "Lopez Gonzalez, Daniel"]
[Result "1-0"]
[WhiteElo "2513"]
[BlackElo "2225"]
[PlyCount "73"]
[EventDate "2005.08.30"]
[EventType "tourn"]
[EventRounds "9"]
[EventCountry "ARG"]
[Source "lmi"]
[SourceDate "2005.08.28"]

1. Nf3 Nf6 2. c4 c6 3. Nc3 d5 4. e3 g6 5. b4 Bg4 6. Qb3 Bxf3 7. gxf3 e6 8. d4
Nbd7 9. f4 Bg7 10. Be2 O-O 11. a4 Re8 12. Bd2 Ne4 13. Nxe4 dxe4 14. Rb1 Qh4 15.
h3 Rad8 16. Qc2 f5 17. Kf1 Bf6 18. Be1 Qh6 19. h4 Qg7 20. f3 exf3 21. Bxf3 Qe7
22. c5 a6 23. b5 axb5 24. axb5 Nb8 25. Qb2 Qd7 26. h5 Kg7 27. hxg6 h6 28. Ra1
Re7 29. Ra7 Rh8 30. Qa2 Qc8 31. Bh4 Rf8 32. Bxf6+ Rxf6 33. Rxh6 Rxg6 34. Rxg6+
Kxg6 35. Qg2+ Kf6 36. Qg5+ Kf7 37. Bh5+ 1-0

[Event "Cincuentenario C.A. Villa Martelli ITT"]
[Site "Villa Martelli ARG"]
[Date "2005.08.24"]
[Round "7"]
[White "Granara Barreto, Sebastian A"]
[Black "Cubas, Jose Fernando"]
[Result "0-1"]
[WhiteElo "2223"]
[BlackElo "2451"]
[PlyCount "106"]
[EventDate "2005.08.30"]
[EventType "tourn"]
[EventRounds "9"]
[EventCountry "ARG"]
[Source "lmi"]
[SourceDate "2005.08.28"]

1. d4 d5 2. c4 c6 3. Nc3 Nf6 4. Nf3 a6 5. c5 Nbd7 6. Bf4 Nh5 7. e3 g6 8. Bd3
Bg7 9. O-O O-O 10. Bg5 Re8 11. e4 dxe4 12. Nxe4 Nhf6 13. Nxf6+ exf6 14. Be3 Nf8
15. Bc4 Be6 16. Rc1 Bxc4 17. Rxc4 Ne6 18. Rb4 Re7 19. Qd2 Rd7 20. Qc3 Bf8 21.
Ra4 Nc7 22. Qc1 Ne6 23. Qc3 Rd5 24. Qc1 Qd7 25. Rc4 Rd8 26. b4 Bg7 27. Re1 f5
28. Bh6 Nxd4 29. Bxg7 Ne2+ 30. Rxe2 Rd1+ 31. Re1 Rxc1 32. Rcxc1 Kxg7 33. Re2
Qd3 34. Rce1 Qc3 35. Re7 Kf6 36. Rxb7 g5 37. Rbe7 Qxb4 38. h4 gxh4 39. R7e5 Rd3
40. Re7 h3 41. Rxf7+ Kxf7 42. Ne5+ Kf6 43. Nxd3 Qg4 44. g3 Qf3 45. Nf4 h2+ 46.
Kxh2 Qxf2+ 47. Ng2 Qxa2 48. Rd1 Ke5 49. Rd6 Ke4 50. Kh3 Qc4 51. Rxc6 Qf1 52.
Kh2 Kf3 53. Nh4+ Kf2 0-1

[Event "Cincuentenario C.A. Villa Martelli ITT"]
[Site "Villa Martelli ARG"]
[Date "2005.08.24"]
[Round "7"]
[White "Paglilla, Carlos"]
[Black "Fusco, Leonardo"]
[Result "1-0"]
[WhiteElo "2386"]
[BlackElo "2278"]
[PlyCount "63"]
[EventDate "2005.08.30"]
[EventType "tourn"]
[EventRounds "9"]
[EventCountry "ARG"]
[Source "lmi"]
[SourceDate "2005.08.28"]

1. Nf3 Nf6 2. g3 g6 3. Bg2 Bg7 4. O-O O-O 5. c4 d6 6. d4 Nc6 7. b3 a6 8. Bb2
Rb8 9. Nbd2 b5 10. Rc1 Na5 11. Bc3 c5 12. dxc5 dxc5 13. cxb5 axb5 14. Be5 Rb6
15. Rxc5 Ne8 16. Qc1 Bb7 17. Bxg7 Nxg7 18. a4 Ne6 19. Rxb5 Rxb5 20. axb5 Qd5
21. b4 Nd4 22. Qd1 Nab3 23. Nxb3 Nxb3 24. Nh4 Qxd1 25. Rxd1 Bxg2 26. Kxg2 Rb8
27. Nf3 Rxb5 28. Rb1 Rxb4 29. Nd2 Nxd2 30. Rxb4 f5 31. f3 e5 32. e4 1-0

[Event "Cincuentenario C.A. Villa Martelli ITT"]
[Site "Villa Martelli ARG"]
[Date "2005.08.24"]
[Round "7"]
[White "Shcherbine, Andrei"]
[Black "Rey, Fernando"]
[Result "1/2-1/2"]
[WhiteElo "2250"]
[BlackElo "2238"]
[PlyCount "29"]
[EventDate "2005.08.30"]
[EventType "tourn"]
[EventRounds "9"]
[EventCountry "ARG"]
[Source "lmi"]
[SourceDate "2005.08.28"]

1. Nf3 Nf6 2. c4 c5 3. b3 g6 4. Bb2 Bg7 5. e3 O-O 6. Be2 Nc6 7. O-O d5 8. cxd5
Qxd5 9. Nc3 Qd8 10. d3 b6 11. a3 h6 12. Qc2 Be6 13. Nd2 Rc8 14. Nce4 Nxe4 15.
Bxg7 1/2-1/2